Panchayato ka Sashktikaran Pardhan Parshikshko ke liya Pustika:Sahbhagee Upagam ke Aadhar par (Record no. 222488)
[ view plain ]
| 000 -LEADER | |
|---|---|
| fixed length control field | 01089nam a22002177a 4500 |
| 005 - DATE AND TIME OF LATEST TRANSACTION | |
| control field | 20220419161211.0 |
| 008 - FIXED-LENGTH DATA ELEMENTS--GENERAL INFORMATION | |
| fixed length control field | 220419b ||||| |||| 00| 0 eng d |
| 020 ## - INTERNATIONAL STANDARD BOOK NUMBER | |
| International Standard Book Number | 8180690415 |
| 040 ## - CATALOGING SOURCE | |
| Transcribing agency | AL |
| 041 ## - LANGUAGE CODE | |
| Language code of text/sound track or separate title | Hindi |
| 082 ## - DEWEY DECIMAL CLASSIFICATION NUMBER | |
| Edition number | 23 |
| Classification number | 320.84H |
| Item number | BADP |
| 100 ## - MAIN ENTRY--PERSONAL NAME | |
| Personal name | D Bandyopadhyay डी बन्दोपाध्याय |
| 100 ## - MAIN ENTRY--PERSONAL NAME | |
| 9 (RLIN) | 30439 |
| 245 ## - TITLE STATEMENT | |
| Title | Panchayato ka Sashktikaran Pardhan Parshikshko ke liya Pustika:Sahbhagee Upagam ke Aadhar par |
| Remainder of title | पंचायतों का सशक्तिकरण प्रधान प्रशिक्षकों के लिए पुस्तिका: सहभागी उपागम के आधार पर |
| 260 ## - PUBLICATION, DISTRIBUTION, ETC. | |
| Place of publication, distribution, etc. | New Delhi |
| Name of publisher, distributor, etc. | Concept Publishing Company |
| Date of publication, distribution, etc. | 2003 |
| 300 ## - PHYSICAL DESCRIPTION | |
| Extent | xiv,370 p. |
| Other physical details | HB |
| Dimensions | 24.5x16 cm. |
| 365 ## - TRADE PRICE | |
| Price amount | ₹750.00 |
| Currency code | ₹ |
| Unit of pricing | ₹750.00 |
| 700 ## - ADDED ENTRY--PERSONAL NAME | |
| Personal name | BANDYOPADHYAY (D) बन्दोपाध्याय ( डी ) |
| 9 (RLIN) | 30440 |
| 700 ## - ADDED ENTRY--PERSONAL NAME | |
| Personal name | MUKHERJEE (Amitava)मुखर्जी (अमितभा ) |
| 9 (RLIN) | 30441 |
| 700 ## - ADDED ENTRY--PERSONAL NAME | |
| Personal name | GAVAI (Mitali Sen)गवई (मिताली सेन ) |
| 9 (RLIN) | 30442 |
| 942 ## - ADDED ENTRY ELEMENTS (KOHA) | |
| Source of classification or shelving scheme | Dewey Decimal Classification |
| Koha item type | George Fernandes Collections |
| Withdrawn status | Lost status | Source of classification or shelving scheme | Damaged status | Not for loan | Collection code | Home library | Current library | Date acquired | Total Checkouts | Full call number | Barcode | Date last seen | Price effective from | Koha item type |
|---|---|---|---|---|---|---|---|---|---|---|---|---|---|---|
| Dewey Decimal Classification | Political Science | St Aloysius Library | St Aloysius Library | 03/24/2013 | 320.84H BADP | GF02681 | 04/19/2022 | 04/19/2022 | George Fernandes Collections |